McKay's building construction (Record no. 104420)
[ view plain ]
| 000 -LEADER | |
|---|---|
| fixed length control field | 01086cam a2200229 4500 |
| 001 - CONTROL NUMBER | |
| control field | L130273 |
| 008 - FIXED-LENGTH DATA ELEMENTS--GENERAL INFORMATION | |
| fixed length control field | 050711n2005 000 0 eng u |
| 020 ## - INTERNATIONAL STANDARD BOOK NUMBER | |
| International Standard Book Number | 1873394721 |
| 035 ## - SYSTEM CONTROL NUMBER | |
| System control number | (Sirsi) u130273 |
| 041 ## - LANGUAGE CODE | |
| Language code of text/sound track or separate title | eng |
| 050 ## - LIBRARY OF CONGRESS CALL NUMBER | |
| Classification number | 690 |
| -- | 18 |
| 100 ## - MAIN ENTRY--PERSONAL NAME | |
| Personal name | McKay, W. B. |
| 245 ## - TITLE STATEMENT | |
| Title | McKay's building construction |
| 260 ## - PUBLICATION, DISTRIBUTION, ETC. | |
| Place of publication, distribution, etc. | Shaftesbury |
| Name of publisher, distributor, etc. | Donhead |
| Date of publication, distribution, etc. | 2005 |
| 300 ## - PHYSICAL DESCRIPTION | |
| Extent | 159p. |
| Other physical details | ill. |
| Dimensions | 22cm. |
| 350 ## - PRICE (NR) (BK AM CF MU VM SE) [OBSOLETE] | |
| Price | 65 |
| 520 ## - SUMMARY, ETC. | |
| Summary, etc. | Incorporates all three volumes originally published in 1938 and describes construction at the craft level to give an understanding of the traditional forms of construction that may be encountered. Volume one covers masonry and brickwork, carpentry and joinery, slating and plumbing at the elementary level. Volume two goes into greater detail on masonry and brickwork and includes drainage. Volume three covers carpentry and joinery in greater detail including the conversion of timber and roof coverings such as tiling, stone slating and shingling. |
| 590 ## - LOCAL NOTE (RLIN) | |
| Local note | IKA020805 |
| 690 ## - LOCAL SUBJECT ADDED ENTRY--TOPICAL TERM (OCLC, RLIN) | |
| Topical term or geographic name as entry element | BUILT ENVIRONMENT-CONSTRUCTION DESIGN |
| 942 ## - ADDED ENTRY ELEMENTS (KOHA) | |
| Suppress in OPAC | 0 |
| Withdrawn status | Lost status | Source of classification or shelving scheme | Damaged status | Not for loan | Home library | Current library | Shelving location | Date acquired | Cost, normal purchase price | Total Checkouts | Full call number | Barcode | Date last seen | Date last checked out | Copy number | Cost, replacement price | Price effective from | Koha item type |
|---|---|---|---|---|---|---|---|---|---|---|---|---|---|---|---|---|---|---|
| Dewey Decimal Classification | London | London | Folio | 02/08/2005 | 55.25 | 12 | F690 MCK | 30071284 | 06/08/2019 | 04/09/2009 | 1 | 55.25 | 06/08/2019 | Book |